Rozšírenie frekvenčného rozsahu VNA do pásma X

Guardado en:
Detalles Bibliográficos
Autor principal: Ďurica, Milan, 1990- (Autor)
Otros Autores: Štofanik, Vladimír, 1975- (Orientador)
Formato: Manuscrito Libro
Lenguaje:eslovaco
Publicado: Bratislava : STU v Bratislave FEI, 2014
Materias:
Acceso en línea:VAIS
Etiquetas: Agregar Etiqueta
Sin Etiquetas, Sea el primero en etiquetar este registro!

MARC

LEADER 00000ntm a22000003a 4500
001 stu294904
005 20150617230317.8
008 140801s2014----xo------------------slo-d
040 |a STU  |b slo 
041 0 |a slo 
044 |a xo 
100 1 |a Ďurica, Milan,  |d 1990-  |4 aut  |u E  |T FEI Fakulta elektrotechniky a informatiky  |X 64157  |U E  |Y 30  |7 A000064157 
242 0 0 |a EXTENSION OF VNA FREQUENCY RANGE TO X-BAND  |y eng 
245 1 |a Rozšírenie frekvenčného rozsahu VNA do pásma X 
260 |a Bratislava :  |b STU v Bratislave FEI,  |c 2014 
300 |a 61 s 
650 7 |a Rádioelektronika  |2 stusub 
650 7 |a Radioelectronics  |2 estusub 
700 1 |a Štofanik, Vladimír,  |d 1975-  |4 ths  |u E030  |U FEI Fakulta elektrotechniky a informatiky  |T FEI Ústav elektroniky a fotoniky  |X 47766  |U E030  |Y 549  |7 A000047766 
856 4 |a info a plný text  |u http://is.stuba.sk/zp/portal_zp.pl?podrobnosti=102962  |3 VAIS 
996 |b 284EP11032  |c E*DIPL-11032  |l EE33  |s P  |a 0  |w stu294904_0001